[Event "Open de la Loire 2012-2013"]
[Site "Loire"]
[Date "2013.03.30"]
[Round "9.19"]
[White "Poyet, Louis"]
[Black "Choquelle, Jean"]
[Result "1-0"]
[WhiteElo "1140"]
[BlackElo "1180"]
[PlyCount "65"]
[EventDate "2013.??.??"]

1. e4 e5 2. Nf3 d6 3. Bc4 h6 4. Nc3 c6 5. d3 Nf6 6. O-O Nbd7 7. Be3 b5 8. Bb3
Ba6 9. a3 Qc8 10. d4 Ng4 11. Qe2 Be7 12. h3 Ngf6 13. dxe5 b4 14. Qd1 Bxf1 15.
Qxf1 Nxe5 16. axb4 Qb7 17. Rd1 Nh5 18. Ne2 Qxb4 19. Nc3 Qb7 20. Bd4 Nxf3+ 21.
gxf3 O-O 22. Qg2 Bg5 23. Qg4 g6 24. h4 Be7 25. f4 Qb8 26. f5 Nf6 27. Qg2 Qd8
28. fxg6 Kg7 29. h5 c5 30. gxf7+ Kh7 31. Qg6+ Kh8 32. Bxf6+ Bxf6 33. Qxh6# 1-0

[Event "Open de la Loire 2012-2013"]
[Site "Loire"]
[Date "2013.03.30"]
[Round "10.1"]
[White "Minchilli, Franco"]
[Black "Buisson, Sebastien"]
[Result "1-0"]
[WhiteElo "1620"]
[BlackElo "1680"]
[PlyCount "81"]
[EventDate "2013.??.??"]

1. d4 Nf6 2. c4 g6 3. Nc3 Bg7 4. e4 d6 5. Be3 O-O 6. Bd3 Ng4 7. Qf3 Nxe3 8.
Qxe3 Nc6 9. Nge2 e5 10. d5 Nb4 11. Bb1 a5 12. a3 Na6 13. O-O Nc5 14. Bc2 a4 15.
Nc1 f5 16. exf5 gxf5 17. Nd3 Nxd3 18. Qxd3 Bd7 19. Qh3 Qg5 20. Rad1 Rf6 21. Nb5
Rh6 22. Qg3 Qd8 23. b4 axb3 24. Qxb3 e4 25. Qg3 Rg6 26. Qe3 Be5 27. f4 exf3 28.
Rxf3 Qh4 29. h3 Qxc4 30. Bd3 Qxd5 31. Nxc7 Qb3 32. Rb1 Qc3 33. Qe2 Qxc7 34.
Bxf5 Bxf5 35. Rxf5 Rxa3 36. Rbf1 Rxh3 37. Qa2+ Kg7 38. Rf7+ Qxf7 39. Rxf7+ Kh6
40. Qd2+ Rg5 41. Rxb7 1-0

[Event "Open de la Loire 2012-2013"]
[Site "Loire"]
[Date "2013.03.30"]
[Round "10.2"]
[White "Ben Habchi, Nordine"]
[Black "Bastien, Daniel"]
[Result "1-0"]
[WhiteElo "1430"]
[BlackElo "1760"]
[PlyCount "53"]
[EventDate "2013.??.??"]

1. e4 d6 2. d4 g6 3. Nf3 c6 4. Bd3 Bg7 5. c3 Nf6 6. Be3 Bg4 7. Nbd2 O-O 8. Qc2
a6 9. h3 Bxf3 10. Nxf3 Qc7 11. O-O Re8 12. Bc4 e6 13. Bd3 Nfd7 14. Qd2 b6 15.
Bh6 Bh8 16. Rac1 b5 17. Ng5 Nb6 18. f4 Nc4 19. Bxc4 bxc4 20. Nf3 Ra7 21. Rc2
Bg7 22. Bxg7 Kxg7 23. e5 d5 24. Nh2 Rb7 25. Ng4 Nd7 26. f5 exf5 27. Qh6+ 1-0

[Event "Open de la Loire 2012-2013"]
[Site "Loire"]
[Date "2013.03.30"]
[Round "10.3"]
[White "Rann, Raphael"]
[Black "Acikgoz, Tuncay"]
[Result "0-1"]
[WhiteElo "1660"]
[BlackElo "1630"]
[PlyCount "131"]
[EventDate "2013.??.??"]

1. d4 Nf6 2. e3 d5 3. Bd3 g6 4. f4 Bg7 5. Nf3 O-O 6. O-O Bg4 7. Nbd2 c6 8. c3
Bf5 9. Bc2 Bxc2 10. Qxc2 Nbd7 11. e4 dxe4 12. Nxe4 Nxe4 13. Qxe4 Nf6 14. Qe2 e6
15. Ne5 Qb6 16. Be3 Rad8 17. d5 Qb5 18. c4 Qa6 19. dxe6 fxe6 20. b3 Nd5 21. Qg4
Nc7 22. Rf2 Qa5 23. Raf1 Qc3 24. Qg3 Rd6 25. h4 Rfd8 26. h5 gxh5 27. Qf3 Rd3
28. Nxd3 Rxd3 29. Re2 Bd4 30. Qe4 Rxe3 31. Rxe3 Qxe3+ 32. Qxe3 Bxe3+ 33. Kh1
Na6 34. Rf3 Bd4 35. Rh3 Nb4 36. Rxh5 Nxa2 37. Rh6 e5 38. fxe5 Bxe5 39. Re6 Bd4
40. Re8+ Kf7 41. Rd8 Bb6 42. Rd7+ Kg6 43. Rxb7 c5 44. Kh2 Nc1 45. Kg3 Nxb3 46.
Rd7 Nd4 47. Kg4 h5+ 48. Kf4 Kf6 49. Rd6+ Ne6+ 50. Ke4 Ke7 51. Rd5 Ng7 52. Kf4
Kf6 53. Rd6+ Ne6+ 54. Ke4 Ke7 55. Rd5 Ng7 56. Kf4 Bc7+ 57. Kg5 Ne6+ 58. Kf5 h4
59. Rd3 Nd4+ 60. Kg4 Bg3 61. Ra3 Nc6 62. Kf5 Kd7 63. Kf6 Kc7 64. Ke6 Kb6 65.
Kd5 Bf2 66. Ke4 0-1

[Event "Open de la Loire 2012-2013"]
[Site "Loire"]
[Date "2013.03.30"]
[Round "10.4"]
[White "Rasle, Corentin"]
[Black "Liogier, Pascal"]
[Result "1-0"]
[WhiteElo "1630"]
[BlackElo "1630"]
[PlyCount "103"]
[EventDate "2013.??.??"]

1. f4 d6 2. Nf3 Nc6 3. b3 e5 4. fxe5 Nxe5 5. e3 Bg4 6. Be2 Qf6 7. Nc3 Nxf3+ 8.
Bxf3 Bxf3 9. Qxf3 Qxf3 10. gxf3 Nf6 11. Bb2 O-O-O 12. O-O-O d5 13. Ne2 Rg8 14.
Rhg1 Be7 15. Rg2 g6 16. Nf4 c6 17. Rdg1 Ne8 18. Ne2 Nc7 19. h4 Bxh4 20. Rh1 g5
21. Bf6 Rd6 22. Rxh4 Rxf6 23. f4 gxh4 24. Rxg8+ Kd7 25. Rg4 Rh6 26. Kd1 f5 27.
Rg5 h3 28. Ng3 Rg6 29. Rxg6 hxg6 30. Ke2 Ne6 31. Kf2 Ke7 32. Kg1 d4 33. Kh2
dxe3 34. dxe3 Nc5 35. Kxh3 Kf6 36. Kg2 a5 37. Kf3 b5 38. Ne2 Ne4 39. Nd4 c5 40.
Nxb5 Ke6 41. Ke2 Kd7 42. Kd3 Kc6 43. Nc3 Nf2+ 44. Kd2 Ne4+ 45. Nxe4 fxe4 46.
Kc3 Kb5 47. a4+ Kb6 48. Kc4 Kc6 49. c3 Kd6 50. Kb5 Kd5 51. Kxa5 c4 52. b4 1-0

[Event "Open de la Loire 2012-2013"]
[Site "Loire"]
[Date "2013.03.30"]
[Round "10.5"]
[White "Peyssonneaux, Norbert"]
[Black "Bacyk, Bruno"]
[Result "1/2-1/2"]
[WhiteElo "1550"]
[BlackElo "1499"]
[PlyCount "47"]
[EventDate "2013.??.??"]

1. e4 e6 2. Nf3 c5 3. d4 cxd4 4. Nxd4 Qb6 5. Nc3 Bc5 6. Na4 Qa5+ 7. c3 Bxd4 8.
Qxd4 Nf6 9. b3 Nc6 10. Qe3 Qe5 11. Bd3 b5 12. f4 Qb8 13. Nb2 O-O 14. e5 Nd5 15.
Qg3 Nxc3 16. Bxh7+ Kxh7 17. Qxc3 Bb7 18. Rg1 Ne7 19. g4 Qc8 20. Qd3+ Kg8 21.
Qxb5 Qc3+ 22. Kf1 Qf3+ 23. Ke1 Qc3+ 24. Kf1 1/2-1/2

[Event "Open de la Loire 2012-2013"]
[Site "Loire"]
[Date "2013.03.30"]
[Round "10.6"]
[White "Rasle, Jean-Michel"]
[Black "Campoy, Juan"]
[Result "1-0"]
[WhiteElo "1660"]
[BlackElo "1560"]
[PlyCount "79"]
[EventDate "2013.??.??"]

1. d4 d5 2. c4 e6 3. Nc3 Nf6 4. Bg5 dxc4 5. e3 Be7 6. Bxc4 Bd7 7. Nf3 Bc6 8.
O-O O-O 9. Ne5 Bd5 10. b3 Nbd7 11. Bxf6 Nxf6 12. Qe2 Bb4 13. Rfc1 c6 14. a3
Bxc3 15. Rxc3 Ne4 16. Rc2 f6 17. f3 Bxc4 18. bxc4 Nd6 19. Nd3 Nf7 20. Nc5 b6
21. Nxe6 Qe7 22. Nxf8 Kxf8 23. e4 Re8 24. Qd2 Rd8 25. d5 Ne5 26. Qc3 Rc8 27.
Rd1 Qc5+ 28. Kh1 Rd8 29. Qb4 Qxb4 30. axb4 Ke7 31. Ra1 Rd7 32. Rd1 c5 33. bxc5
bxc5 34. Kg1 Nc6 35. f4 Nd4 36. Ra2 Rb7 37. Rda1 g5 38. Rxa7 Rxa7 39. Rxa7+ Kd6
40. fxg5 1-0

[Event "Open de la Loire 2012-2013"]
[Site "Loire"]
[Date "2013.03.30"]
[Round "10.7"]
[White "Trottet, Francois"]
[Black "Mazet, Christian"]
[Result "1/2-1/2"]
[WhiteElo "1470"]
[BlackElo "1639"]
[PlyCount "55"]
[EventDate "2013.??.??"]

1. e4 c5 2. Nf3 Nc6 3. c3 Qc7 4. d4 cxd4 5. cxd4 d5 6. exd5 Qa5+ 7. Nc3 Nb4 8.
Bc4 Bf5 9. O-O Rc8 10. Bb5+ Bd7 11. Bxd7+ Kxd7 12. Ne5+ Ke8 13. Qf3 Nf6 14. d6
exd6 15. Qxb7 Qc7 16. Qb5+ Nc6 17. Nxc6 Qxc6 18. Re1+ Kd7 19. Qf5+ Kd8 20. d5
Qd7 21. Qxd7+ Nxd7 22. Bg5+ f6 23. Bf4 g5 24. Be3 a6 25. Na4 Be7 26. Nb6 Rc2
27. b3 Nxb6 28. Bxb6+ 1/2-1/2

[Event "Open de la Loire 2012-2013"]
[Site "Loire"]
[Date "2013.03.30"]
[Round "10.8"]
[White "Boeuf, Jean-Julien"]
[Black "Megnot, Philippe"]
[Result "0-1"]
[WhiteElo "1609"]
[BlackElo "1550"]
[PlyCount "76"]
[EventDate "2013.??.??"]

1. Nf3 d5 2. c4 d4 3. Na3 c6 4. Nc2 c5 5. b4 e6 6. bxc5 Bxc5 7. Bb2 Nc6 8. g3
Nge7 9. Bg2 O-O 10. O-O e5 11. d3 Bg4 12. h3 Bh5 13. Ba3 Qd6 14. Qc1 h6 15. Qb2
Rab8 16. Rab1 a6 17. Nb4 f5 18. Nxc6 bxc6 19. Bxc5 Qxc5 20. Qc2 e4 21. dxe4
fxe4 22. Rxb8 Rxb8 23. Qxe4 Bxf3 24. Bxf3 Rb4 25. Rb1 Rxb1+ 26. Qxb1 Qxc4 27.
Qb3 Qxb3 28. axb3 c5 29. Kf1 Kf8 30. Ke1 Ke8 31. Kd2 Kd7 32. Kd3 Kc7 33. Kc4
Kb6 34. b4 cxb4 35. Kxb4 Nf5 36. g4 Nd6 37. Bd5 a5+ 38. Kb3 Kb5 0-1

[Event "Open de la Loire 2012-2013"]
[Site "Loire"]
[Date "2013.03.30"]
[Round "10.9"]
[White "Desassis, Jean-Francois"]
[Black "Pradel, Philippe"]
[Result "1/2-1/2"]
[WhiteElo "1640"]
[BlackElo "1570"]
[PlyCount "57"]
[EventDate "2013.??.??"]

1. d4 d6 2. Nf3 g6 3. e3 Bg7 4. Bc4 e6 5. Nbd2 Nd7 6. b4 a6 7. a4 Nb6 8. Bb3
Nd5 9. c4 Nxb4 10. O-O Nf6 11. Rb1 O-O 12. Ba3 a5 13. Qc1 Re8 14. Qc3 c5 15.
Rfd1 Qc7 16. e4 Nd7 17. Qe3 b6 18. Bb2 e5 19. d5 Nf6 20. Qg5 h6 21. Qe3 Ng4 22.
Qe2 f5 23. Nh4 Qf7 24. h3 Nf6 25. exf5 Bxf5 26. Nxf5 gxf5 27. Rf1 e4 28. Bd1 f4
29. Bxf6 1/2-1/2

[Event "Open de la Loire 2012-2013"]
[Site "Loire"]
[Date "2013.03.30"]
[Round "10.10"]
[White "Schuhmann, Alain"]
[Black "Philip, Sylvain"]
[Result "0-1"]
[WhiteElo "1640"]
[BlackElo "1560"]
[PlyCount "124"]
[EventDate "2013.??.??"]

1. e4 e6 2. f4 d5 3. exd5 exd5 4. Nf3 Nf6 5. Be2 Bd6 6. d4 Bf5 7. O-O O-O 8.
Nc3 c6 9. Bd3 Bxd3 10. Qxd3 Re8 11. Bd2 Nbd7 12. Rae1 Qc7 13. Rxe8+ Rxe8 14.
Ne5 Ne4 15. Nb1 f6 16. Nxd7 Qxd7 17. f5 Qc7 18. Qh3 Qb6 19. Qb3 Qxd4+ 20. Be3
Qe5 21. Bf4 Bc5+ 22. Be3 Nd2 23. Nxd2 Qxe3+ 24. Qxe3 Bxe3+ 25. Rf2 Bxf2+ 26.
Kxf2 g6 27. Nb3 gxf5 28. Nc5 Re7 29. Kf3 Kg7 30. Kf4 Kg6 31. h3 b6 32. Nd3 Re2
33. g4 fxg4 34. Kxg4 Rxc2 35. Nf4+ Kf7 36. Nd3 c5 37. a3 Rd2 38. Nf4 Rf2 39.
Kf5 Rxf4+ 40. Kxf4 Ke6 41. h4 h5 42. a4 a6 43. b3 b5 44. axb5 axb5 45. Ke3 Ke5
46. Kd3 Kf4 47. Kc3 b4+ 48. Kd3 Kf3 49. Kd2 Kf2 50. Kd3 f5 51. Kd2 f4 52. Kd3
f3 53. Kd2 Kg1 54. Kc2 f2 55. Kb2 f1=Q 56. Kc2 Qe1 57. Kb2 Qc3+ 58. Ka2 d4 59.
Kb1 Qxb3+ 60. Kc1 Qa2 61. Kd1 d3 62. Kc1 Qc2# 0-1

[Event "Open de la Loire 2012-2013"]
[Site "Loire"]
[Date "2013.03.30"]
[Round "10.11"]
[White "Legendre, Julien"]
[Black "Piper, Stephane"]
[Result "1-0"]
[WhiteElo "1499"]
[BlackElo "1586"]
[PlyCount "60"]
[EventDate "2013.??.??"]

1. d4 d5 2. c3 Nc6 3. e3 Nf6 4. Be2 e5 5. Nd2 e4 6. f3 Bd6 7. fxe4 Nxe4 8. Nxe4
dxe4 9. g3 Qg5 10. Qd2 f5 11. Nh3 Qe7 12. Bh5+ g6 13. Be2 Be6 14. Qd1 O-O-O 15.
Nf4 Bf7 16. Qa4 g5 17. Ng2 h5 18. Bd2 h4 19. O-O-O hxg3 20. hxg3 Bxg3 21. Bb5
Rd6 22. Rxh8+ Kd7 23. Qxa7 Qf6 24. Bxc6+ Rxc6 25. Rdh1 Ra6 26. Qxb7 Rxa2 27.
Qc8+ Ke7 28. Qd8+ Ke6 29. R1h6 Qxh6 30. Rxh6+ Bg6 1-0

[Event "Open de la Loire 2012-2013"]
[Site "Loire"]
[Date "2013.03.30"]
[Round "10.12"]
[White "Ferreira, Antoine"]
[Black "Fournier, Gerald"]
[Result "1-0"]
[WhiteElo "1099"]
[BlackElo "1499"]
[PlyCount "43"]
[EventDate "2013.??.??"]

1. e4 Nf6 2. Nc3 d5 3. e5 Nfd7 4. Nxd5 e6 5. Nc3 Nxe5 6. d4 Ng6 7. Nf3 Bb4 8.
Bd2 O-O 9. Bd3 f5 10. a3 Ba5 11. O-O Nc6 12. Be3 Bxc3 13. bxc3 b6 14. Bg5 Qe8
15. Bb5 a6 16. Bxc6 Qxc6 17. Qd2 f4 18. h3 h6 19. Qd3 e5 20. dxe5 hxg5 21. Nxg5
Nh4 22. Qh7# 1-0

[Event "Open de la Loire 2012-2013"]
[Site "Loire"]
[Date "2013.03.30"]
[Round "10.13"]
[White "Guichard, Thomas"]
[Black "Niceto, Pierrick"]
[Result "1-0"]
[WhiteElo "1499"]
[BlackElo "1160"]
[PlyCount "61"]
[EventDate "2013.??.??"]

1. e4 e5 2. Nf3 Nc6 3. Bc4 Bc5 4. c3 Nf6 5. d4 exd4 6. cxd4 Bb4+ 7. Bd2 Nxe4 8.
Qe2 d5 9. Bxb4 Nxb4 10. a3 Nc6 11. Ba2 O-O 12. O-O Re8 13. Qb5 Qf6 14. Rd1 Qg6
15. Ne5 Qf6 16. Rf1 Bf5 17. Bxd5 Nxd4 18. Bxf7+ Kf8 19. Qb4+ c5 20. Qxb7 Red8
21. Nc6 Nxc6 22. Ba2 Bg6 23. Nc3 Nxc3 24. bxc3 Na5 25. Qb5 Bd3 26. Qxc5+ Rd6
27. Rfd1 Nb7 28. Qb4 Be4 29. Qxe4 Re8 30. Qxb7 Qe5 31. Qf7# 1-0

[Event "Open de la Loire 2012-2013"]
[Site "Loire"]
[Date "2013.03.30"]
[Round "10.14"]
[White "Boeuf, Jeremy"]
[Black "Allabrune, Guillaume"]
[Result "0-1"]
[WhiteElo "1592"]
[BlackElo "1480"]
[PlyCount "75"]
[EventDate "2013.??.??"]

1. e4 e5 2. f4 Bc5 3. Nf3 d6 4. Nc3 Nc6 5. Na4 Bb6 6. Nxb6 axb6 7. Bc4 Nf6 8.
Qe2 O-O 9. O-O Nb4 10. Bb3 Re8 11. d3 Be6 12. Bd2 Bxb3 13. Bxb4 Bxa2 14. fxe5
dxe5 15. b3 c5 16. Bc3 Qc7 17. Qd1 b5 18. Qc1 c4 19. Qb2 cxb3 20. cxb3 Rec8 21.
Rfc1 Qc5+ 22. Kh1 Qa3 23. Qd2 Qxb3 24. Bxe5 Rxc1+ 25. Rxc1 Ng4 26. Bg3 b4 27.
Qc2 Qxc2 28. Rxc2 b3 29. Rb2 Rc8 30. h3 Rc1+ 31. Ne1 Ne3 32. Kh2 Nf1+ 33. Kg1
Nxg3 34. Kf2 Rb1 35. Rxb1 Bxb1 36. d4 b2 37. Kxg3 Bxe4 38. Kf4 0-1

[Event "Open de la Loire 2012-2013"]
[Site "Loire"]
[Date "2013.03.30"]
[Round "10.15"]
[White "Brachet, Gerard"]
[Black "Barrandon, Georges"]
[Result "1-0"]
[WhiteElo "1410"]
[BlackElo "1380"]
[PlyCount "87"]
[EventDate "2013.??.??"]

1. e4 e5 2. Nf3 Nc6 3. Bc4 d6 4. d3 Be7 5. Nc3 Bg4 6. h3 Bh5 7. g4 Bg6 8. h4 h6
9. Nd5 Qd7 10. Rg1 O-O-O 11. Be3 Kb8 12. h5 Bh7 13. g5 g6 14. hxg6 Bxg6 15.
gxh6 Nxh6 16. Nxe7 Nxe7 17. Qd2 Ng4 18. Ng5 Nxe3 19. Qxe3 Rdf8 20. O-O-O f6 21.
Ne6 Rc8 22. d4 Bf7 23. d5 c6 24. Rg7 Qe8 25. dxc6 Rxc6 26. Bb5 Bxe6 27. Bxc6
Nxc6 28. Rxd6 Rg8 29. Rxg8 Qxg8 30. f4 Qf7 31. b3 Kc7 32. fxe5 fxe5 33. Qc5 Bd7
34. Rd5 Qf4+ 35. Kb2 Qxe4 36. Qc3 Qf5 37. b4 a6 38. a4 Kb8 39. b5 axb5 40. axb5
Nd4 41. b6 Bc6 42. Rd8+ Qc8 43. Rxc8+ Kxc8 44. Qh3+ 1-0

[Event "Open de la Loire 2012-2013"]
[Site "Loire"]
[Date "2013.03.30"]
[Round "10.16"]
[White "Thizy, Nicolas"]
[Black "Sabatier, Baptiste"]
[Result "1-0"]
[WhiteElo "1440"]
[BlackElo "1010"]
[PlyCount "83"]
[EventDate "2013.??.??"]

1. e4 e5 2. Nf3 Nc6 3. d4 exd4 4. Nxd4 Bb4+ 5. c3 Nxd4 6. Qxd4 c5 7. Qe5+ Ne7
8. cxb4 cxb4 9. Qxg7 Rg8 10. Qd4 Nc6 11. Qd5 Ne7 12. Qc4 a5 13. Be3 b6 14. g3
Ba6 15. Qc2 Rc8 16. Qd2 Bb7 17. Bg2 d5 18. exd5 Nxd5 19. Bxd5 Bxd5 20. Bxb6 Qd6
21. Qe3+ Kf8 22. O-O Qd7 23. Qh6+ Rg7 24. Rd1 Qb5 25. Qd6+ Kg8 26. Rxd5 Rg6 27.
Qxg6+ hxg6 28. Rxb5 Rc1+ 29. Kg2 f5 30. Bxa5 b3 31. Rxb3 Rc5 32. Bc3 f4 33.
gxf4 g5 34. fxg5 Rxg5+ 35. Kf3 Kh7 36. Rb6 Rf5+ 37. Kg3 Rg5+ 38. Kh4 Rg2 39.
Na3 Rxh2+ 40. Kg3 Rh6 41. Rxh6+ Kxh6 42. Re1 1-0

[Event "Open de la Loire 2012-2013"]
[Site "Loire"]
[Date "2013.03.30"]
[Round "10.17"]
[White "Mialon, Franck"]
[Black "Poyet, Louis"]
[Result "1-0"]
[WhiteElo "1390"]
[BlackElo "1140"]
[PlyCount "103"]
[EventDate "2013.??.??"]

1. e4 e5 2. Nf3 Nc6 3. Bc4 Nf6 4. Ng5 Bc5 5. O-O O-O 6. c3 h6 7. Nf3 d6 8. h3
Be6 9. Bxe6 fxe6 10. d4 Bb6 11. Qc2 d5 12. dxe5 dxe4 13. Nh4 Nxe5 14. Bf4 Nf7
15. Na3 Nd6 16. Rad1 Nd5 17. Bxd6 Qxd6 18. c4 Qe7 19. Ng6 Qf6 20. Nxf8 Rxf8 21.
cxd5 exd5 22. Rxd5 c6 23. Rd7 Qe5 24. Qc4+ Kh8 25. Rf7 Rxf7 26. Qxf7 e3 27. Nc4
exf2+ 28. Kh1 Qg3 29. Nxb6 axb6 30. Qxf2 Qxf2 31. Rxf2 Kg8 32. Rd2 b5 33. Rd7
b6 34. Rb7 b4 35. Rxb6 c5 36. Rc6 Kh7 37. Rxc5 g5 38. Rb5 Kg6 39. Rxb4 h5 40.
a4 h4 41. a5 Kh5 42. a6 g4 43. hxg4+ Kg5 44. a7 h3 45. gxh3 Kh4 46. a8=Q Kxh3
47. Qg2+ Kh4 48. Rb8 Kg5 49. Rb5+ Kf6 50. Qc6+ Kf7 51. Rb7+ Kf8 52. Qc8# 1-0

[Event "Open de la Loire 2012-2013"]
[Site "Loire"]
[Date "2013.03.30"]
[Round "10.18"]
[White "Rogues, Jean-Luc"]
[Black "Daillere, Roland"]
[Result "1-0"]
[WhiteElo "1410"]
[BlackElo "1350"]
[PlyCount "89"]
[EventDate "2013.??.??"]

1. d4 Nf6 2. c4 g6 3. Nc3 Bg7 4. e4 d6 5. Be3 O-O 6. Bd3 Ng4 7. Qd2 Nxe3 8.
Qxe3 Nc6 9. Nge2 e5 10. d5 Nb4 11. O-O Nxd3 12. Qxd3 f5 13. f4 Qe7 14. b4 a5
15. b5 b6 16. fxe5 Bxe5 17. Rac1 Bd7 18. a4 f4 19. Qf3 Qg5 20. h3 Rf7 21. Nd1
Raf8 22. Nf2 Qh4 23. Nd3 g5 24. Qf2 Qxf2+ 25. Rxf2 f3 26. Nxe5 dxe5 27. Ng3
fxg2 28. Rxf7 Rxf7 29. Kxg2 Rf4 30. Rf1 Rh4 31. Rh1 Rf4 32. Rf1 Bxh3+ 33. Kxh3
h5 34. Rxf4 gxf4 35. Nxh5 Kf7 36. Kg4 Kg6 37. Nxf4+ exf4 38. Kxf4 Kf6 39. e5+
Ke7 40. Kf5 Kf7 41. e6+ Ke7 42. Ke5 Ke8 43. d6 cxd6+ 44. Kxd6 Kd8 45. Kc6 1-0

[Event "Open de la Loire 2012-2013"]
[Site "Loire"]
[Date "2013.03.30"]
[Round "10.19"]
[White "Lempereur, Theo"]
[Black "Bruyere, Jean Baptiste"]
[Result "1-0"]
[WhiteElo "1240"]
[BlackElo "1170"]
[PlyCount "79"]
[EventDate "2013.??.??"]

1. e4 e5 2. Nf3 Nc6 3. Nc3 Nf6 4. Bb5 a6 5. Bxc6 dxc6 6. d3 Bc5 7. O-O O-O 8.
Nxe5 Qe7 9. d4 Rd8 10. Be3 b5 11. Nxc6 Qd7 12. Nxd8 Qxd8 13. dxc5 Bd7 14. c6 b4
15. Na4 Qe7 16. cxd7 Nxd7 17. Qd5 Rd8 18. Rad1 h6 19. c3 bxc3 20. bxc3 c6 21.
Qxc6 Ne5 22. Rxd8+ Qxd8 23. Bb6 Qb8 24. Qc7 Qe8 25. Qd8 Qxd8 26. Bxd8 Nc6 27.
Rd1 Kh7 28. Rd6 Ne5 29. f4 Nc4 30. Be7 Ne3 31. Nb6 Ng4 32. c4 Ne3 33. c5 Kh8
34. c6 Kg8 35. c7 Kh8 36. c8=Q+ Kh7 37. Qf8 Ng4 38. Qxf7 h5 39. Qg6+ Kh8 40.
Rd8# 1-0